00231nam a2200097 a 4500001000500000005001700005008004100022050001700063100002000080245003300100414020140414132040.0090218s19uu xx 00 eng d aBBbB17 2003 aCanon, Kristine aBakit matagal ang sundo ko?.